000 00512nam a2200169 a 4500
001 0000-8722
003 ELIB.Books
008 110520 1986
035 _a(ELIB.Books)0000-8868
082 _aR
_bBot/ R Kit
100 _aBotterweck, G. Johannes/ Kittel, Gerhard.
245 _aTheological Dictionary of the Old Testament Vol-IV
260 _bGrand Rapids: Wm. B. Eerdmans Publishing Co.
_c1986
650 _aReference
942 _2ddc
_cBK
998 _cbat
_e2011-05-20
_mcat
_u2020-05-25
999 _c8722
_d8722